000 00964nmm a2200289 a 4500
001 ocm000984863
003 TR-IsHL
005 20201028153851.0
008 150709s2014 tu tur
007 cr cn
020 _a9786055831530
035 _a984863
_b(N$T)
050 0 4 _aPR6070.H685
_bS4319 2014
090 0 4 _aPR6070.H685
_bS4319 2014
100 1 _aThomson, Rupert
245 1 0 _aMahremiyet
_h[electronic resource] /
_cRupert Thomson ; Türkçesi Ruhiye Erulaş
260 _aİstanbul :
_bAltın Bilek Yayınları,
_c2014
300 _a297 p.
500 _aÖzgün adı : Secracy
_x
650 4 _aDil ve Edebiyat
650 4 _aLanguage and Literature
650 0 _aİngiliz romanı
650 0 _aEnglish fiction
650 7 _aLITERARY COLLECTIONS / European / English, Irish, Scottish, Welsh
_2bisacsh
700 1 _aErulaş, Ruhiye
856 4 0 _uhttp://search.ebscohost.com/login.aspx?direct=true&scope=site&db=e011xww&AN=984863
999 _c12275
_d12275